00727nam a2200193 a 450000100060000000300090000600800410001502000150005604000280007108200200009910000200011924500350013926000270017430000100020150502350021165000280044665000380047465000210051223061CO-ViMGA141112s2004 ck r 000 u spa d a9701509943 aCO-ViMGAbspacCO-ViMGA04a624.18341 M226d1 aMc Cormac, Jack10aDiseño de concreto reforzado aMéxico : bAlfaomega a801p. aIntroduccion, Analisis de vigas sometidas, Diseño de vigas rectangulares, Analisis y diseño de vigas, Estado limite de servicios, Cortante y tension diagonal, Columnas esbeltas, Zapatas, Muros de retencion, Concreto reforzado14aCEMENTO - CLASIFICACION14aCONSTRUCIONES DE HORMIGON ARMADO 14aHORMIGON ARMADO